|
|
|
|
| LEADER |
01029nam a2200289 a 4500 |
| 001 |
AAL7104 |
| 003 |
BD-DhAAL |
| 005 |
20160210165857.0 |
| 008 |
150209s2005 nyuab b 001 0 eng |
| 010 |
|
|
|a 2003063530
|
| 020 |
|
|
|a 0072890363 (softcover)
|
| 040 |
|
|
|a DLC
|c DLC
|d DLC
|d BD-DhAAL
|
| 050 |
0 |
0 |
|a JZ1305
|b .R68 2005
|
| 082 |
0 |
0 |
|a 327
|2 21
|
| 999 |
|
|
|c 33618
|d 33618
|
| 999 |
|
|
|c 33618
|
| 100 |
1 |
|
|a Rourke, John T.,
|d 1945-
|9 8100
|
| 245 |
1 |
0 |
|a International politics on the world stage /
|c John T. Rourke.
|
| 250 |
|
|
|a 10th ed.
|
| 260 |
|
|
|a New York, NY :
|b McGraw-Hill Higher Education,
|c c2005.
|
| 300 |
|
|
|a 1 v. (various pagings) :
|b col. ill., col. maps ;
|c 26 cm.
|
| 504 |
|
|
|a Includes bibliographical references and index.
|
| 541 |
|
|
|e 7104
|
| 650 |
|
0 |
|a International relations.
|9 8101
|
| 650 |
|
0 |
|a World politics
|y 1989-
|9 8102
|
| 942 |
|
|
|2 ddc
|c BK
|
| 952 |
|
|
|0 0
|1 0
|2 ddc
|4 0
|6 327_000000000000000_ROU
|7 0
|9 52510
|a SCL
|b SCL
|c GEN
|d 2015-02-09
|e Gift: The Asia Foundation
|l 0
|o 327 ROU
|p 3020007104
|r 2015-02-09
|t 1
|w 2015-02-09
|y BK
|